000 00676nam a2200229 i 4500
001 106779
003 ES-MaACL
005 20250917063044.0
007 t|
008 061222s1997 fr ||||1| fre d
020 _a2-277-30164-7
080 _a821.133.1-31"18"
100 1 _aDaudet, Alphonse,
_d1840-1897
_942799
245 1 0 _aAventures prodigieuses de Tartarin de Tarascon /
_cAlphonse Daudet.
260 _aParis :
_bEJL,
_c[1997]
300 _a120 p. ;
_c21 cm.
490 1 _aLibrio ;
_v164
500 _aBiblioteca Jacinto Martínez Lacalle.
830 0 _aLibrio ;
_v164
_9185296
852 _aES-MaACL
_jE-11459
_bR.139488
999 _c106779
_d106779